| 000 | 003780000a22001570004500 | ||
|---|---|---|---|
| 001 | 003444 | ||
| 003 | MACL | ||
| 040 | _aMACL | ||
| 090 |
_c15437 _d15436 |
||
| 100 | _aDas, Debashis | ||
| 245 |
_aNature of Spatial Linkages of Settlements for Rural Development _cDebashis Das |
||
| 260 |
_aSubarnarekha, _c1995 |
||
| 350 | _a200 | ||
| 650 | _aSocial Science | ||
| 942 |
_k307 _cBook |
||
| 999 |
_c15345 _d15345 |
||